<?xml version="1.0" encoding="UTF-8"?>
<record
    xmlns:xsi="http://www.w3.org/2001/XMLSchema-instance"
    xsi:schemaLocation="http://www.loc.gov/MARC21/slim http://www.loc.gov/standards/marcxml/schema/MARC21slim.xsd"
    xmlns="http://www.loc.gov/MARC21/slim">

  <leader>03246cam a22003495i 4500</leader>
  <datafield tag="999" ind1=" " ind2=" ">
    <subfield code="c">27784</subfield>
    <subfield code="d">27755</subfield>
  </datafield>
  <controlfield tag="001">12230408</controlfield>
  <controlfield tag="003">EG-ScBUE</controlfield>
  <controlfield tag="005">20191121134505.0</controlfield>
  <controlfield tag="008">001114s2001    nyua   f b    101 0 eng d</controlfield>
  <datafield tag="020" ind1=" " ind2=" ">
    <subfield code="a">9780415930598 (pbk.)</subfield>
  </datafield>
  <datafield tag="040" ind1=" " ind2=" ">
    <subfield code="a">DLC</subfield>
    <subfield code="b">eng</subfield>
    <subfield code="e">rda</subfield>
    <subfield code="c">DLC</subfield>
    <subfield code="d">DLC</subfield>
    <subfield code="d">EG-ScBUE</subfield>
  </datafield>
  <datafield tag="082" ind1="0" ind2="4">
    <subfield code="a">327.1</subfield>
    <subfield code="b">EVO</subfield>
    <subfield code="2">22</subfield>
  </datafield>
  <datafield tag="245" ind1="0" ind2="0">
    <subfield code="a">Evolutionary interpretations of world politics /</subfield>
    <subfield code="c">edited by William R. Thompson.</subfield>
  </datafield>
  <datafield tag="264" ind1=" " ind2="1">
    <subfield code="a">New York ;</subfield>
    <subfield code="a">Abingdon, Oxon :</subfield>
    <subfield code="b">Routledge / Taylor and Francis Group,</subfield>
    <subfield code="c">2001.</subfield>
  </datafield>
  <datafield tag="300" ind1=" " ind2=" ">
    <subfield code="a">vii, 352 pages :</subfield>
    <subfield code="b">illustrations ;</subfield>
    <subfield code="c">24 cm</subfield>
  </datafield>
  <datafield tag="336" ind1=" " ind2=" ">
    <subfield code="a">text</subfield>
    <subfield code="b">txt</subfield>
    <subfield code="2">rdacontent</subfield>
  </datafield>
  <datafield tag="337" ind1=" " ind2=" ">
    <subfield code="a">unmediated</subfield>
    <subfield code="b">n</subfield>
    <subfield code="2">rdamedia</subfield>
  </datafield>
  <datafield tag="338" ind1=" " ind2=" ">
    <subfield code="a">volume</subfield>
    <subfield code="b">nc</subfield>
    <subfield code="2">rdacarrier</subfield>
  </datafield>
  <datafield tag="500" ind1=" " ind2=" ">
    <subfield code="a">Rev. versions of papers originally presented at conference held Dec. 1998, Indiana University, Bloomington, Ind.</subfield>
  </datafield>
  <datafield tag="504" ind1=" " ind2=" ">
    <subfield code="a">Includes bibliographical references and index.</subfield>
  </datafield>
  <datafield tag="505" ind1="8" ind2=" ">
    <subfield code="a">Machine generated contents note: p a r t I: Central Paradigmatic Questions About Interpretation -- 1. Evolutionary World Politics: Problems of Scope and Method -- George Modelski -- 2. Evolutionary World Politics Enriched: The Biological Foundations -- of International Relations -- Vincent S. E. Falger -- 3. Obstacles to an Evolutionary Global Politics Research Program -- David P. Rapkin -- p a r t II: Bridges to Other Perspectives -- 4. Evolutionary Tendencies in Realist and Liberal IR Theory -- Jennifer Sterling-Folker -- 5. Diversity or Uniformity in the Modern World? -- Answers from Evolutionary Theory, Learning, -- and Social Adaptation -- Hendrik Spruyt -- 6. The Evolution of International Norms: -- Choice, Learning, Power, and Identity -- Stewart Patrick -- p a r t III: Applications to Conflict and Cooperation -- 7. Evolution in Domestic Politics and the Development of Rivalry: -- The Bolivia-Paraguay Case -- Paul R. Hensel -- 8. Expectancy Theory, Strategic Rivalry Deescalation, -- and the Evolution of the Sino-Soviet Case -- William R Thompson -- 9. Political Shocks and the Deescalation of Protracted Conflicts: -- The Israeli-Palestinian Case -- Karen A. Rasler -- p a r t I V: Applications to International Political Economy -- 10. Egalitarian Social Movements and New World Orders -- CraigN. Murphy -- 11. Technological Capacity as Fitness: An Evolutionary Model -- of Change in the International Political Economy -- Sangbae Kim andJeffley A. Hart -- 12. Continuity versus Evolutionary Shift: Global Financial Expansion -- and the State -- Brian M. Pollins -- About the Contributors -- Index.</subfield>
  </datafield>
  <datafield tag="520" ind1=" " ind2=" ">
    <subfield code="a">The field of international relations is often stagnated in realism and liberalism. In this work, the contributors describe how states, ideologies and other areas of analysis evolve, conquer others, or disappear entirely.</subfield>
  </datafield>
  <datafield tag="650" ind1=" " ind2="7">
    <subfield code="a">World politics</subfield>
    <subfield code="v">Congresses.</subfield>
    <subfield code="2">BUEsh</subfield>
  </datafield>
  <datafield tag="650" ind1=" " ind2="7">
    <subfield code="a">International relations</subfield>
    <subfield code="x">Philosophy</subfield>
    <subfield code="v">Congresses.</subfield>
    <subfield code="2">BUEsh</subfield>
  </datafield>
  <datafield tag="650" ind1=" " ind2="7">
    <subfield code="a">International cooperation</subfield>
    <subfield code="v">Congresses.</subfield>
    <subfield code="2">BUEsh</subfield>
    <subfield code="9">5894</subfield>
  </datafield>
  <datafield tag="653" ind1=" " ind2=" ">
    <subfield code="b">MASPPSS</subfield>
    <subfield code="c">November2019</subfield>
  </datafield>
  <datafield tag="655" ind1=" " ind2=" ">
    <subfield code="v">Reading book</subfield>
  </datafield>
  <datafield tag="700" ind1="1" ind2=" ">
    <subfield code="a">Thompson, William R.</subfield>
    <subfield code="e">editor.</subfield>
  </datafield>
  <datafield tag="856" ind1="4" ind2="1">
    <subfield code="3">Table of contents only</subfield>
    <subfield code="u">http://www.loc.gov/catdir/toc/fy022/00066485.html</subfield>
  </datafield>
  <datafield tag="856" ind1="4" ind2="2">
    <subfield code="3">Publisher description</subfield>
    <subfield code="u">http://www.loc.gov/catdir/enhancements/fy0651/00066485-d.html</subfield>
  </datafield>
  <datafield tag="942" ind1=" " ind2=" ">
    <subfield code="2">ddc</subfield>
    <subfield code="c">BB</subfield>
  </datafield>
  <datafield tag="952" ind1=" " ind2=" ">
    <subfield code="0">0</subfield>
    <subfield code="1">0</subfield>
    <subfield code="2">ddc</subfield>
    <subfield code="4">0</subfield>
    <subfield code="7">0</subfield>
    <subfield code="8">Baccah</subfield>
    <subfield code="a">MAIN</subfield>
    <subfield code="b">MAIN</subfield>
    <subfield code="c">1ST</subfield>
    <subfield code="d">2019-11-20</subfield>
    <subfield code="e">Purchase</subfield>
    <subfield code="g">770.00</subfield>
    <subfield code="l">0</subfield>
    <subfield code="o">327.1 EVO</subfield>
    <subfield code="p">000048265</subfield>
    <subfield code="r">2025-07-15 00:00:00</subfield>
    <subfield code="v">962.50</subfield>
    <subfield code="w">2019-11-20</subfield>
    <subfield code="y">BB</subfield>
  </datafield>
</record>
